[Event "ESP-ch U12"]
[Site "Salobrena"]
[Date "2020.07.27"]
[Round "2"]
[White "Tabuenca Mendataurigoitia, Daniel"]
[Black "Martin Cabeza, Nicolas"]
[Result "1-0"]
[WhiteElo "1865"]
[BlackElo "1367"]
[PlyCount "89"]
[EventDate "2020.07.27"]
[EventType "swiss"]
[EventRounds "9"]
[EventCountry "ESP"]
[SourceTitle "EXT 2021"]
[Source "ChessBase"]
[SourceDate "2020.10.23"]
[SourceVersion "1"]
[SourceVersionDate "2020.10.23"]
[SourceQuality "1"]

1. e4 e5 2. Nf3 Nc6 3. d4 exd4 4. Nxd4 Bc5 5. Nb3 Bb6 6. Qe2 d6 7. Nc3 Nge7 8. Be3 Be6 9. f4 f5 10. 0-0-0 0-0 11. exf5 Bxf5 12. h3 Nb4 13. Bxb6 axb6 14. Qc4+ d5 15. Qxb4 c5 16. Qb5 d4 17. a3 Qc7 18. Qc4+ Kh8 19. Nd5 Nxd5 20. Qxd5 Qxf4+ 21. Nd2 Qe3 22. Qb3 Rfe8 23. g4 Bg6 24. Bg2 Qe5 25. Bxb7 Ra7 26. Bc6 Rc8 27. Rde1 Qf6 28. Be4 Bf7 29. Qf3 Qd8 30. Qf5 Bg6 31. Qf4 Bf7 32. Bf5 Rca8 33. Be6 Bg6 34. Rhf1 d3 35. Bf5 dxc2 36. Bxg6 hxg6 37. Re6 Ra4 38. Qe5 c4 39. Re7 Qg8 40. Rff7 R8a5 41. Rxg7 Rxe5 42. Rxg8+ Kxg8 43. Rxe5 c3 44. bxc3 Rxa3 45. Kxc2 1-0